| 000 | 00697nam a22002057a 4500 | ||
|---|---|---|---|
| 003 | OSt | ||
| 005 | 20260123064215.0 | ||
| 008 | 260123b |||||||| |||| 00| 0 eng d | ||
| 020 | _a1-4180-0105-8. | ||
| 040 |
_aDWC-Main lib. _cOC |
||
| 082 | _aCirc. 370.23'73 M149 2006 | ||
| 100 | _aMachado, Jeanne M. | ||
| 245 |
_aEmployment opportunities in education : _bhow to secure your career/ _cJeanne M. Machado |
||
| 260 |
_aUnited States : _bThonson/Delmar Learning, _cc2006. |
||
| 300 |
_avi, 218 p. : _bill. ; _c23 cm. + 1 CD-ROM. |
||
| 504 | _aIncludes index. | ||
| 650 | _aTeaching-Vocational guidance-United States. | ||
| 700 | _aReynolds, Romana E. | ||
| 942 |
_2ddc _cBK-CIRC _hCirc. _n0 |
||
| 999 |
_c7752 _d7752 |
||